'Living' Marvel Characters by Picture - Statistics

General Stats
  • This quiz has been taken 22 times
  • The average score is 4 of 7
Answer Stats
Picture Answer % Correct
Ego the Living Planet
100%
N'Kantu the Living Mummy
81%
Living Lightning
67%
Living Brain
48%
Living Laser
48%
Living Pharaoh
29%
Living Eraser
24%
No matching quizzes found
Score Distribution
Percent of People with Each Score
Percentile by Number Answered
Your Score History
You have not taken this quiz